عرض عادي
عرض مارك
- Swokowski, Earl William,
مدخل إسم شخص
001 - رقم الضبط
- حقل الضبط: 58442
003 - معرف رقم الضبط
- حقل الضبط: OSt
005 - تاريخ ووقت أخر عملية
- حقل الضبط: 20170803202412.0
008 - عناصر بيانات ثابتة الطول
- حقل تحكم ثابت الطول: 170803|| aca||aabn | a|a d
040 ## - مصدر الفهرسة
- هيئة الفهرسة الأصلية: OSt
- وكالة الكتابة: OSt
100 ## - مدخل -- أسم شخص
- إسم شخص: Swokowski, Earl William,
- تواريخ مرتبطة بالاسم: 1926-
- عنوان العمل: Calculus with analytic geometry.
670 ## - بيانات المصدر موجوده
- الاستشهاد بالمصدر: Work cat.: (OSt)0: Swokowski, Earl William, 1926- 46017, Calculus /, c1991.
